Score 0/25 Timer 07:00
2 Plays Today
% Correct
Iron Man
96.1%
Ghostbusters
92%
The Avengers
83.4%
RoboCop
82.1%
The Wolf of Wall Street
81.1%
Zoolander
80.7%
Saw
80.2%
I, Robot
77.4%
The 40-Year-Old Virgin
75.9%
Crocodile Dundee
72.9%
Hairspray
70.6%
Now You See Me
70%
Shaun of the Dead
65%
% Correct
Star Wars Episode V - The Empire Strikes Back
64.9%
Mars Attacks!
60.9%
Guardians of the Galaxy
58.2%
Big Hero 6
55.7%
Wreck-It Ralph
54.2%
The Dark Knight
40.6%
Back to the Future Part II
30.1%
ParaNorman
20.5%
Broadcast News
20.2%
Saving Mr. Banks
19.8%
Batman Forever
13.6%
Spy Kids
13.4%
Remove Ads.
Support Sporcle.
Get the best of Sporcle when you Go Orange. This ad-free experience offers more features, more stats, and more fun while also helping to support Sporcle. Thank you for becoming a member.

You're not logged in!

Compare scores with friends on all Sporcle quizzes.
OR
Log In

Show Comments

Extras

Top Quizzes Today


Score Distribution

Your Account Isn't Verified!

In order to create a playlist on Sporcle, you need to verify the email address you used during registration. Go to your Sporcle Settings to finish the process.

Report this User

Report this user for behavior that violates our Community Guidelines.

Details: